[Event "Play your favorite openings again"]
[Site "SchemingMind.com"]
[Date "2021.03.14"]
[Round "-"]
[White "kenneth m day"]
[Black "Raymond de Kemp"]
[Result "0-1"]
[WhiteCountry "USA"]
[BlackCountry "NED"]
[WhiteElo "1643"]
[WhiteRD "53"]
[BlackElo "1843"]
[BlackRD "70"]
[GameID "709507"]

1. e4 c5 2. d4 cxd4 3. c3 dxc3 4. Nxc3 Nc6 5. Nf3 e6 6. Bc4 a6 7. O-O b5 8. Bb3 Bb7 9. Qe2 Nge7 10. Bc2 Nb4
11. Bb3 Ng6 12. a3 Nc6 13. Be3 Be7 14. Rfd1 O-O 15. Rac1 Rc8 16. Rd2 Na5 17. Bc2 Nc4 18. Rdd1 Nxb2 19. Rd2 Nc4 20. a4 Nxd2
21. Bxd2 b4 22. Na2 a5 23. Bd3 b3 24. Nc3 Bf6 25. Qd1 b2 26. Rc2 Ne5 27. Nxe5 Bxe5 28. Qb1 Qf6 29. Qxb2 Rb8 30. f3 Ba6
31. Bb5 Bxb5 32. axb5 Rfc8 33. Qa3 Rxb5 34. Rc1 Rbc5 35. Ne2 Rxc1+ 36. Nxc1 Bb2 37. Qxa5 Bxc1 38. Bxc1 Rxc1+ 39. Kf2 Qb2+ 40. Kg3 Qb8+
41. Kh3 d6 42. Qd2 Rc5 43. Qd4 Rh5+ 44. Kg3 d5+ 45. f4 e5 46. fxe5 Rxe5 47. Qd3 Rxe4+
0-1

[Event "Play your favorite openings again"]
[Site "SchemingMind.com"]
[Date "2021.03.14"]
[Round "-"]
[White "Raymond de Kemp"]
[Black "kenneth m day"]
[Result "1-0"]
[WhiteCountry "NED"]
[BlackCountry "USA"]
[WhiteElo "1838"]
[WhiteRD "75"]
[BlackElo "1663"]
[BlackRD "57"]
[GameID "709508"]

1. f4 e5 2. fxe5 d6 3. Nf3 dxe5 4. Nxe5 Bd6 5. Nf3 g5 6. g3 Nf6 7. Nxg5 Ng4 8. Ne4 Be5 9. d3 Nc6 10. h3 Nf6
11. Nbc3 Be6 12. Bg5 h6 13. Nxf6+ Bxf6 14. Bxf6 Qxf6 15. Bg2 Bd7 16. Qd2 O-O-O 17. O-O-O Rhg8 18. Rhf1 Qe6 19. g4 Rde8 20. Bd5 Qe5
21. Bxf7 Be6 22. Bxg8 Rxg8 23. Qxh6
1-0

[Event "Play your favorite openings again"]
[Site "SchemingMind.com"]
[Date "2021.03.22"]
[Round "-"]
[White "David Hartley"]
[Black "kenneth m day"]
[Result "1-0"]
[WhiteCountry "ENG"]
[BlackCountry "USA"]
[WhiteElo "1773"]
[WhiteRD "79"]
[BlackElo "1640"]
[BlackRD "53"]
[GameID "709727"]

1. e4 e5 2. Nf3 Nc6 3. Bc4 Bc5 4. c3 Nf6 5. d4 exd4 6. cxd4 Bb4+ 7. Bd2 Bxd2+ 8. Nbxd2 d5 9. exd5 Nxd5 10. Qb3 Nce7
11. O-O c6 12. Rfe1 O-O 13. Rac1 Re8 14. Qd1 Bg4 15. h3 Be6 16. Ne4 Rc8 17. a3 h6 18. Nc5 Qc7 19. Nxe6 fxe6 20. Rxe6 Kh8
21. Qd2 Qd7 22. Rce1 b5 23. Bb3 Rcd8 24. Ne5 Qc7 25. Nf7+ Kg8 26. Nxd8 Qxd8 27. Bxd5 cxd5 28. Qb4 Kf7 29. Qxb5 a5 30. Ra6 Nf5
31. Rxe8 Qxe8 32. Qxd5+
1-0

[Event "Play your favorite openings again"]
[Site "SchemingMind.com"]
[Date "2021.03.22"]
[Round "-"]
[White "kenneth m day"]
[Black "David Hartley"]
[Result "1/2-1/2"]
[WhiteCountry "USA"]
[BlackCountry "ENG"]
[WhiteElo "1643"]
[WhiteRD "53"]
[BlackElo "1718"]
[BlackRD "77"]
[GameID "709728"]

1. e4 e5 2. Nf3 Nc6 3. c3 Nf6 4. d4 Nxe4 5. d5 Ne7 6. Nxe5 Ng6 7. Nxg6 hxg6 8. Bd3 Nf6 9. c4 Bb4+ 10. Bd2 Qe7+
11. Qe2 Bxd2+ 12. Nxd2 Qxe2+ 13. Bxe2 d6 14. O-O-O Bd7 15. h3 O-O-O 16. Bf3 g5 17. Rde1 Rde8 18. Kd1 Rxe1+ 19. Rxe1 Re8 20. Rxe8+=
1/2-1/2

[Event "Play your favorite openings again"]
[Site "SchemingMind.com"]
[Date "2021.03.22"]
[Round "-"]
[White "David Hartley"]
[Black "Raymond de Kemp"]
[Result "0-1"]
[WhiteCountry "ENG"]
[BlackCountry "NED"]
[WhiteElo "1750"]
[WhiteRD "81"]
[BlackElo "1858"]
[BlackRD "74"]
[GameID "709729"]

1. e4 c5 2. Nf3 d6 3. d4 cxd4 4. Nxd4 Nf6 5. Nc3 a6 6. Bg5 e6 7. f4 Be7 8. Qf3 h6 9. Bh4 Qc7 10. Bd3 Nbd7
11. Bg3 e5 12. Nde2 b5 13. a3 Nc5 14. f5 O-O 15. O-O Bb7 16. Bf2 Qc6 17. Ng3 Rfd8 18. Rfe1 Rd7 19. Re3 Nh7 20. Qg4 Bg5
21. Re2 Nf6 22. Qf3 Rad8 23. Be3 Bxe3+ 24. Rxe3 d5 25. exd5 Nxd5 26. Nxd5 Rxd5 27. Rae1 Nxd3 28. cxd3 Qc2 29. Qe2 Qxe2 30. R1xe2 f6
31. Rd2 a5 32. Kf2 b4 33. axb4 axb4 34. Ke2 Rd4 35. Ne4 h5 36. g3 Bc8 37. Rf3 Kf7 38. h3 Bb7 39. Re3 g6 40. g4 gxf5
41. gxf5 Rg8 42. Kf2 Bxe4 43. Rxe4 Rg5 44. Ke3 Rg3+ 45. Kf2 Rxh3 46. Rxd4 exd4 47. Kg2 Re3 48. Kg1 Rf3 49. Rc2 Rxf5 50. Rc4 Rd5
51. Rxb4 h4 52. Kh2 Kg6 53. Kh3 Kg5 54. Rb8 Re5 55. Rg8+ Kf4 56. Kxh4 Rb5 57. Re8 f5 58. Re1 Rxb2 59. Rd1 Rh2#
0-1

[Event "Play your favorite openings again"]
[Site "SchemingMind.com"]
[Date "2021.03.26"]
[Round "-"]
[White "David Hartley"]
[Black "Clive Everill"]
[Result "1/2-1/2"]
[WhiteCountry "ENG"]
[BlackCountry "CZE"]
[WhiteElo "1718"]
[WhiteRD "77"]
[BlackElo "1730"]
[BlackRD "59"]
[GameID "709777"]

1. e4 c5 2. Nf3 d6 3. d4 cxd4 4. Nxd4 Nf6 5. Nc3 a6 6. Be2 e5 7. Nf3 Be7 8. O-O h6 9. Bd2 Nc6 10. Re1 b5
11. a3 Bb7 12. Bd3 Qd7 13. Rc1 Rc8 14. Nb1 Bd8 15. c3 Bb6 16. Be3 Bxe3 17. Rxe3 Ng4 18. Re1 Ne7 19. h3 Nf6 20. Nbd2 O-O
21. Qe2 Ng6 22. Qf1 Nf4 23. Bb1 g5 24. Nh2 Qc6 25. g3 N4h5 26. Qg2 Nd7 27. Bd3 Nc5 28. Be2 Nf6 29. Rcd1 Nfxe4 30. Nxe4 Nxe4
31. Bf3 d5 32. Ng4 Qe6 33. Rd3 Rfd8 34. Red1 f5 35. Ne3 Rd6 36. Nc2 d4 37. Ne1 Bc6 38. cxd4 Rcd8 39. dxe5 Qxe5 40. Qf1 Bd5
41. Bxe4 Bxe4 42. Rxd6 Rxd6 43. Rxd6 Qxd6 44. Qe2 Qc6 45. g4 f4 46. f3 Bd5 47. Kg2 Kf7= 48. Nc2 Bc4 49. Qf2 a5 50. Qd2 Qb6
51. Qd7+ Kf6 52. Qf5+ Kg7 53. Qd7+ Kg6 54. Qf5+ Kg7=
1/2-1/2

[Event "Play your favorite openings again"]
[Site "SchemingMind.com"]
[Date "2021.03.25"]
[Round "-"]
[White "Clive Everill"]
[Black "David Hartley"]
[Result "0-1"]
[WhiteCountry "CZE"]
[BlackCountry "ENG"]
[WhiteElo "1730"]
[WhiteRD "59"]
[BlackElo "1718"]
[BlackRD "77"]
[GameID "709778"]

1. e4 e5 2. Nc3 Nf6 3. f4 d5 4. fxe5 Nxe4 5. Qf3 f5 6. Nh3 c6 7. d3 Nc5 8. Bg5 Be7 9. Bf4 Be6 10. Be2 Ncd7
11. Qg3 Bh4 12. Bg5 Bxg3+ 13. Kd1 Qc8 14. hxg3 Nxe5 15. Bf4 Ng6 16. Bd6 Qd8 17. Ba3 Qa5 18. Ng5 Bd7 19. Bh5 Rg8 20. Nxh7 b5
21. Bxg6+ Kd8 22. Bd6 Qa6 23. Re1 c5 24. Be7+ Kc8 25. Bf7 Rh8 26. Nf6 gxf6 27. Nxd5 Nc6 28. Bxf6 Rf8 29. Bh5 Rxf6 30. Nxf6 Nb4
31. Nxd7 Kxd7 32. a3 Nd5 33. Kd2 Qh6+ 34. Kd1 Qxh5+
0-1

[Event "Play your favorite openings again"]
[Site "SchemingMind.com"]
[Date "2021.03.24"]
[Round "-"]
[White "Clive Everill"]
[Black "kenneth m day"]
[Result "1-0"]
[WhiteCountry "CZE"]
[BlackCountry "USA"]
[WhiteElo "1730"]
[WhiteRD "59"]
[BlackElo "1643"]
[BlackRD "53"]
[GameID "709779"]

1. e4 e5 2. Nc3 Nc6 3. Bc4 Nf6 4. d3 Na5 5. Nge2 Nxc4 6. dxc4 Bb4 7. O-O d6 8. Qd3 Qe7 9. Bg5 Be6 10. Nd5 Bxd5
11. cxd5 O-O-O 12. a3 Bc5 13. b4 Bb6 14. a4 a6 15. a5 Ba7 16. c4 h6 17. Be3 Bxe3 18. Qxe3 Nd7 19. f4 Kb8 20. f5 Nf6
21. c5 dxc5 22. bxc5 Ng4 23. Qg3 h5 24. c6 Qc5+ 25. Kh1 Rdg8 26. h3 Ne3 27. Rfc1 h4 28. Qf2 Qa7 29. Rc3 Nxf5 30. Qxf5 f6
31. Rb3 b6 32. axb6 cxb6 33. Qf2 Kc7 34. Nc3 Kd8 35. Qxb6+ Qxb6 36. Rxb6 Kc7 37. Rb7+ Kd6 38. Rxa6 Rc8 39. c7+ Kc5 40. d6 Ra8
41. Rab6 Rhc8 42. Rb8 Kd4 43. Rxc8 Rxc8 44. Rb8
1-0

[Event "Play your favorite openings again"]
[Site "SchemingMind.com"]
[Date "2021.03.24"]
[Round "-"]
[White "kenneth m day"]
[Black "Clive Everill"]
[Result "0-1"]
[WhiteCountry "USA"]
[BlackCountry "CZE"]
[WhiteElo "1643"]
[WhiteRD "53"]
[BlackElo "1730"]
[BlackRD "59"]
[GameID "709780"]

1. e4 c5 2. d4 cxd4 3. c3 Nf6 4. e5 Nd5 5. Nf3 e6 6. cxd4 d6 7. Bd2 b6 8. Nc3 dxe5 9. Nxe5 Bd6 10. Bd3 Bb7
11. O-O O-O 12. Nxd5 Bxd5 13. Qh5 f5 14. Bg5 Be7 15. f4 Bf6 16. Rae1 Nd7 17. Re3 Bxg5 18. fxg5 Rc8 19. Rh3 Nxe5 20. dxe5 Rc7
21. Qxh7+ Kf7 22. Bb5 Bc6 23. g6+ Ke8 24. Bxc6+ Rxc6 25. Qxg7 Rc7 26. Qh6 Qd4+ 27. Qe3 Qxb2 28. Qb3 Qd4+ 29. Qe3 Qb2 30. Qb3 Qxe5
31. Re3 Qc5 32. Kh1 e5 33. Rxe5+ Qxe5
0-1

[Event "Play your favorite openings again"]
[Site "SchemingMind.com"]
[Date "2021.03.24"]
[Round "-"]
[White "Clive Everill"]
[Black "Raymond de Kemp"]
[Result "0-1"]
[WhiteCountry "CZE"]
[BlackCountry "NED"]
[WhiteElo "1760"]
[WhiteRD "58"]
[BlackElo "1838"]
[BlackRD "75"]
[GameID "709781"]

1. e4 c5 2. Nc3 d6 3. f4 Nc6 4. Nf3 g6 5. Bc4 Bg7 6. O-O e6 7. d4 cxd4 8. Nb5 a6 9. Nbxd4 Nxd4 10. Nxd4 Nf6
11. Bd3 O-O 12. Be3 e5 13. fxe5 Ng4 14. Qd2 Bxe5 15. g3 Nxe3 16. Qxe3 Qb6 17. Nf5 Qxe3+ 18. Nxe3 Bxb2 19. Rab1 Bd4 20. Rfe1 b5
21. Kg2 Be6 22. Nd5 Ra7 23. Nb4 Bc3 24. Rf1 Bxb4 25. Rxb4 Bxa2 26. Ra1 Be6 27. Bxb5 Rb7 28. Rxa6 Rfb8 29. Ra5 Bd7 30. c4 Bc6
31. Kf3 Re7 32. Ra6 Bxe4+ 33. Kf2 d5 34. cxd5 Bxd5 35. Rd6 Re5 36. h4 Rf5+ 37. Kg1 Rc8 38. Rxd5 Rxd5 39. Ba6 Rc1+ 40. Kh2 Rd2+
41. Kh3 h5 42. Bb7 Rcc2
0-1

[Event "Play your favorite openings again"]
[Site "SchemingMind.com"]
[Date "2021.03.24"]
[Round "-"]
[White "Raymond de Kemp"]
[Black "Clive Everill"]
[Result "1-0"]
[WhiteCountry "NED"]
[BlackCountry "CZE"]
[WhiteElo "1838"]
[WhiteRD "75"]
[BlackElo "1760"]
[BlackRD "58"]
[GameID "709782"]

1. f4 d5 2. Nf3 g6 3. c4 c6 4. e3 Bg7 5. Nc3 Nf6 6. d4 O-O 7. Be2 c5 8. O-O cxd4 9. Nxd4 Re8 10. f5 e5
11. fxe6 fxe6 12. cxd5 exd5 13. Bf3 Na6 14. a3 Nc5 15. b4 Nce4 16. Nce2 Bd7 17. Nf4 Bc6 18. Nfe6 Qd7 19. Nxg7 Kxg7 20. Bb2 Rf8
21. Nxc6 bxc6 22. Bxe4 Rae8 23. Bf3 Kg8 24. Bxf6 Rxf6 25. Bxd5+ cxd5 26. Rxf6 Rxe3 27. Qd2 Re5 28. Raf1 Re8 29. Qf4 Qb5 30. Rf8+
1-0

[Event "Play your favorite openings again"]
[Site "SchemingMind.com"]
[Date "2021.03.31"]
[Round "-"]
[White "capablanca"]
[Black "David Hartley"]
[Result "1-0"]
[WhiteCountry "GER"]
[BlackCountry "ENG"]
[WhiteElo "1725"]
[WhiteRD "73"]
[BlackElo "1750"]
[BlackRD "81"]
[GameID "709928"]

1. e4 e5 2. Nf3 Nc6 3. Bc4 Bc5 4. d3 Nf6 5. Nc3 a6 6. a4 d6 7. h3 O-O 8. Bg5 Nb4 9. Nd5 Nbxd5 10. Bxd5 c6
11. Bb3 Qe7 12. O-O Be6 13. c3 Rfe8 14. Re1 Rab8 15. d4 Bxb3 16. Qxb3 Ba7 17. dxe5 dxe5 18. Rad1 Qe6 19. Qxe6 Rxe6 20. Bxf6 Rxf6
21. Rd7 Re6 22. Red1 Bb6 23. Kf1 f6 24. Ke2 Ree8 25. Ne1 Kf8 26. Nc2 Red8 27. Na3 Rxd7 28. Rxd7 Bd8 29. Nc4 b5 30. axb5 cxb5
31. Ne3 h5 32. Nd5 Ra8 33. Rb7 Kg8 34. Ne3 Kf8 35. Nf5 g6 36. Ne3 Kg8 37. Nd5 Kf8 38. Nb4 a5 39. Nd5 b4 40. cxb4 axb4
41. Nxb4 Rc8 42. Nd3 Ra8 43. Nc5 Be7 44. Nd3 Kf7 45. Nb4 Kf8 46. Nd5 Bd8 47. Nc7 Bxc7 48. Rxc7 Rb8 49. Rc2 Rd8 50. Rd2 Rc8
51. Kd1 h4 52. Rc2 Rb8 53. Kc1 Kg7 54. Rc4 f5 55. Kc2 Rb6 56. b4 Kf6 57. Kc3 Ke6 58. f3 Kf6 59. Rc5 Re6 60. b5 fxe4
61. fxe4 Kg5 62. Rc6 Re8 63. b6 Kf4 64. Rxg6 Kxe4 65. Rg4+ Ke3 66. b7 Kf2 67. Kd3 Rb8 68. Rg7
1-0

[Event "Play your favorite openings again"]
[Site "SchemingMind.com"]
[Date "2021.04.01"]
[Round "-"]
[White "David Hartley"]
[Black "capablanca"]
[Result "0-1"]
[WhiteCountry "ENG"]
[BlackCountry "GER"]
[WhiteElo "1718"]
[WhiteRD "77"]
[BlackElo "1662"]
[BlackRD "68"]
[GameID "709929"]

1. f4 d5 2. Nf3 g6 3. e3 Bg7 4. d4 Nf6 5. Nc3 O-O 6. Bd3 Nc6 7. O-O Nb4 8. Be2 Nc6 9. Bd2 a6 10. a3 Bd7
11. Qc1 e6 12. Bd3 Rc8 13. Ne2 Ne4 14. Be1 b5 15. Ng3 Nxg3 16. Bxg3 Ne7 17. c3 c5 18. dxc5 Rxc5 19. Qd2 Qa8 20. Rfd1 Rfc8
21. Be1 R5c7 22. Qe2 Rf8 23. Bd2 Nc8 24. Qe1 Nd6 25. Kh1 Nc4 26. Bxc4 Rxc4 27. Rac1 Rb8 28. Ng1 e5 29. Ne2 Bg4 30. h3 Be6
31. fxe5 Bxe5 32. Qf1 Rf8 33. Nf4 Bf5 34. Nxd5 Qxd5 35. Kg1 Bd3 36. Qf2 Qe4
0-1

[Event "Play your favorite openings again"]
[Site "SchemingMind.com"]
[Date "2021.03.27"]
[Round "-"]
[White "capablanca"]
[Black "Clive Everill"]
[Result "1/2-1/2"]
[WhiteCountry "GER"]
[BlackCountry "CZE"]
[WhiteElo "1645"]
[WhiteRD "68"]
[BlackElo "1760"]
[BlackRD "58"]
[GameID "709930"]

1. e4 c5 2. Nf3 d6 3. Bb5+ Nd7 4. d3 Nf6 5. c3 a6 6. Bxd7+ Bxd7 7. Nbd2 e6 8. Nf1 Be7 9. Ng3 O-O 10. O-O b5
11. Bd2 Bc6 12. Re1 a5 13. b3 d5 14. e5 Nd7 15. Qc1 b4 16. c4 d4 17. Ne4 a4 18. Bg5 axb3 19. Bxe7 Qxe7 20. axb3 Rxa1
21. Qxa1 Ra8 22. Qb2 h6 23. Ra1 Rxa1+ 24. Qxa1 Kh7 25. Qa7 Qf8 26. Kf1 Bxe4 27. dxe4 Nb8 28. Ne1 Kg6 29. Nd3 Nc6 30. Qxc5 Qxc5
31. Nxc5 Nxe5 32. f4 Nc6 33. Nd3 f6 34. Ke2 Kf7 35. g4 g5 36. e5 f5 37. Kf3 Na5 38. Nc5 Nc6 39. gxf5 exf5 40. h3=
1/2-1/2

[Event "Play your favorite openings again"]
[Site "SchemingMind.com"]
[Date "2021.03.27"]
[Round "-"]
[White "Clive Everill"]
[Black "capablanca"]
[Result "1-0"]
[WhiteCountry "CZE"]
[BlackCountry "GER"]
[WhiteElo "1760"]
[WhiteRD "58"]
[BlackElo "1645"]
[BlackRD "68"]
[GameID "709931"]

1. e4 e5 2. Nc3 Bc5 3. f4 d6 4. Nf3 Nc6 5. Bb5 Bd7 6. Na4 Bb6 7. Nxb6 axb6 8. O-O Nge7 9. d4 Ra5 10. a4 exd4
11. Nxd4 Nxd4 12. Bxd7+ Qxd7 13. Qxd4 O-O 14. b4 Rxa4 15. Bb2 f6 16. e5 fxe5 17. fxe5 Rxf1+ 18. Rxf1 Nc6 19. Qf4 Qe8 20. exd6 Rxb4
21. d7 Qe7 22. Ba3 Rxf4 23. Bxe7
1-0

[Event "Play your favorite openings again"]
[Site "SchemingMind.com"]
[Date "2021.03.27"]
[Round "-"]
[White "capablanca"]
[Black "kenneth m day"]
[Result "1/2-1/2"]
[WhiteCountry "GER"]
[BlackCountry "USA"]
[WhiteElo "1662"]
[WhiteRD "68"]
[BlackElo "1643"]
[BlackRD "53"]
[GameID "709932"]

1. e4 e5 2. Nf3 Nc6 3. Bc4 Bc5 4. d3 Nf6 5. Bg5 O-O 6. Nbd2 a6 7. a4 Be7 8. Nf1 h6 9. Bd2 d5 10. exd5 Nxd5
11. Ng3 Bg4 12. h3 Be6 13. O-O Bd6 14. Ne4 f5 15. Nxd6 Qxd6 16. Re1 Rae8 17. c3 Rf6 18. Qc2 Bf7 19. Qb3 Rb8 20. Qc2 Rg6
21. Nh4 Rf6 22. Nf3=
1/2-1/2

[Event "Play your favorite openings again"]
[Site "SchemingMind.com"]
[Date "2021.03.27"]
[Round "-"]
[White "kenneth m day"]
[Black "capablanca"]
[Result "1/2-1/2"]
[WhiteCountry "USA"]
[BlackCountry "GER"]
[WhiteElo "1643"]
[WhiteRD "53"]
[BlackElo "1662"]
[BlackRD "68"]
[GameID "709933"]

1. e4 e5 2. Nf3 Nc6 3. c3 Bc5 4. d4 exd4 5. cxd4 Bb4+ 6. Nc3 d6 7. Bd2 Bg4 8. a3 Ba5 9. b4 Bb6 10. Be3 Nf6
11. Be2 Qe7 12. h3 Bd7 13. O-O h6 14. Re1 O-O-O 15. Rc1 Kb8 16. Qd3 Rhe8 17. Rc2 Nxe4 18. Nxe4 Qxe4 19. Qxe4 Rxe4 20. Bd3 Ree8
21. Rce2 Re7 22. d5 Ne5 23. Nxe5 Rxe5 24. Bxb6 Rxe2 25. Bxc7+ Kxc7 26. Rxe2=
1/2-1/2

[Event "Play your favorite openings again"]
[Site "SchemingMind.com"]
[Date "2021.03.27"]
[Round "-"]
[White "capablanca"]
[Black "Raymond de Kemp"]
[Result "0-1"]
[WhiteCountry "GER"]
[BlackCountry "NED"]
[WhiteElo "1662"]
[WhiteRD "68"]
[BlackElo "1843"]
[BlackRD "70"]
[GameID "709934"]

1. e4 c5 2. Nf3 d6 3. Nc3 Nf6 4. Bb5+ Nc6 5. d3 Bd7 6. O-O a6 7. Bxc6 Bxc6 8. Bg5 e6 9. Ne2 Be7 10. Ng3 h6
11. Bd2 Qc7 12. c4 b5 13. b3 O-O 14. Bc3 b4 15. Bb2 e5 16. Nf5 Bd8 17. Nd2 Kh7 18. Qf3 g6 19. Ne3 Bd7 20. h3 Nh5
21. Nd5 Qc8 22. Rfe1 f5 23. exf5 Rxf5 24. Qe2 Nf4 25. Nxf4 Rxf4 26. Bc1 Be7 27. Ne4 Rf7 28. Qe3 Qf8 29. Bd2 Bc6 30. Qg3 Qg7
31. Re3 Raf8 32. Rf1 Rf4 33. Qh2 d5 34. Ng3 Bh4 35. Re2 R4f6 36. Rxe5 Rd6 37. Rfe1 dxc4 38. Rxc5 Qd4 39. Be3 Qxd3 40. Rxc4 Bf6
41. Rcc1 Bc3 42. Rf1 Qd5 43. Rfd1 Qxd1+ 44. Rxd1 Rxd1+ 45. Nf1 Bb5 46. Qc7+ Kg8 47. Bxh6 Rxf1+ 48. Kh2 Re8 49. Be3 Be5+
0-1

[Event "Play your favorite openings again"]
[Site "SchemingMind.com"]
[Date "2021.03.27"]
[Round "-"]
[White "Raymond de Kemp"]
[Black "capablanca"]
[Result "1-0"]
[WhiteCountry "NED"]
[BlackCountry "GER"]
[WhiteElo "1838"]
[WhiteRD "75"]
[BlackElo "1645"]
[BlackRD "68"]
[GameID "709935"]

1. f4 d5 2. Nf3 Nc6 3. g3 Nf6 4. Bg2 Bf5 5. O-O e6 6. e3 Bd6 7. b3 Qe7 8. Bb2 O-O-O 9. d3 Kb8 10. c4 Nb4
11. Ne1 Rhg8 12. a3 Bg4 13. Nf3 Nc6 14. Nbd2 e5 15. fxe5 Nxe5 16. Qc2 Nxf3+ 17. Nxf3 Qxe3+ 18. Kh1 dxc4 19. bxc4 Bc5 20. Ne5 Be6
21. Rae1 Qh6 22. Bc1 Qh5 23. Qb2 Bc8 24. Nc6+ Ka8 25. Bf4 bxc6 26. Bxc6+
1-0

[Event "Play your favorite openings again"]
[Site "SchemingMind.com"]
[Date "2021.03.31"]
[Round "-"]
[White "capablanca"]
[Black "Thomas Jacob Kelly"]
[Result "1/2-1/2"]
[WhiteCountry "GER"]
[BlackCountry "USA"]
[WhiteElo "1662"]
[WhiteRD "68"]
[BlackElo "1759"]
[BlackRD "70"]
[GameID "710000"]

1. d4 d5 2. c4 e5 3. dxe5 d4 4. Nf3 Nc6 5. g3 Nge7 6. Bg2 Ng6 7. O-O Ngxe5 8. Nxe5 Nxe5 9. b3 Bc5 10. Nd2 f5
11. Bb2 c6 12. Nf3 Nxf3+ 13. Bxf3 Be6 14. Qd3 Qd7 15. Rad1 O-O-O 16. a3 f4 17. b4 Bf5 18. Qd2 Bb6 19. Qxf4 Rhf8 20. Qd2 d3
21. c5 Bc7 22. Bg2 Rfe8 23. e4 Bxe4 24. Bxe4 Rxe4 25. Rfe1 Rxe1+ 26. Rxe1 g6 27. Re3 Qd5 28. Bf6=
1/2-1/2

[Event "Play your favorite openings again"]
[Site "SchemingMind.com"]
[Date "2021.03.30"]
[Round "-"]
[White "Thomas Jacob Kelly"]
[Black "capablanca"]
[Result "1/2-1/2"]
[WhiteCountry "USA"]
[BlackCountry "GER"]
[WhiteElo "1759"]
[WhiteRD "70"]
[BlackElo "1662"]
[BlackRD "68"]
[GameID "710001"]

1. e4 c6 2. d4 d5 3. Nd2 dxe4 4. Nxe4 Bf5 5. Ng3 Bg6 6. h4 h5 7. Nf3 Nf6 8. Bg5 Nbd7 9. c4 e6 10. a3 Be7
11. Qb3 Qb6 12. Qc3 Qd8 13. O-O-O Ne4 14. Nxe4 Bxe4 15. Bxe7 Qxe7 16. c5 Nf6 17. Nd2 Nd5 18. Qg3 Bg6 19. Nc4 O-O 20. Be2 b6
21. Nd6 bxc5 22. dxc5 Rab8 23. Bc4 Qf6 24. Rd2 Rfd8=
1/2-1/2

[Event "Play your favorite openings again"]
[Site "SchemingMind.com"]
[Date "2021.04.03"]
[Round "-"]
[White "David Hartley"]
[Black "Thomas Jacob Kelly"]
[Result "1-0"]
[WhiteCountry "ENG"]
[BlackCountry "USA"]
[WhiteElo "1718"]
[WhiteRD "77"]
[BlackElo "1759"]
[BlackRD "70"]
[GameID "710002"]

1. e4 Nf6 2. e5 Nd5 3. d4 d6 4. Nf3 dxe5 5. Nxe5 g6 6. Bc4 Bg7 7. Nxf7 Qd7 8. Nxh8 Bxh8 9. Qf3 Nf6 10. O-O Qxd4
11. Qb3 Nc6 12. c3 Qh4 13. Nd2 Ne5 14. Be2 Kf8 15. f3 Nh5 16. Ne4 Nf4 17. Bxf4 Qxf4 18. Rad1 Qe3+ 19. Kh1 Qxe2 20. Rd8+ Kg7
21. Qg8+ Kh6 22. Qf8+ Bg7 23. Qf4+
1-0

[Event "Play your favorite openings again"]
[Site "SchemingMind.com"]
[Date "2021.04.03"]
[Round "-"]
[White "Thomas Jacob Kelly"]
[Black "David Hartley"]
[Result "1-0"]
[WhiteCountry "USA"]
[BlackCountry "ENG"]
[WhiteElo "1759"]
[WhiteRD "70"]
[BlackElo "1718"]
[BlackRD "77"]
[GameID "710003"]

1. e4 e5 2. f4 exf4 3. Nf3 d6 4. d4 g5 5. h4 g4 6. Ng1 Qf6 7. Nc3 Ne7 8. Qd3 Bh6 9. Bd2 c6 10. O-O-O Nd7
11. Kb1 Nb6 12. e5 dxe5 13. dxe5 Qf5 14. Qd6 Qe6 15. Ne4 Qxd6 16. Nxd6+ Kf8 17. c4 Nd7 18. Bc3 Bg7 19. Nxc8 Rxc8 20. Rxd7 Rb8
21. Bb4 Re8 22. Bd6 f5 23. Bd3
1-0

[Event "Play your favorite openings again"]
[Site "SchemingMind.com"]
[Date "2021.03.30"]
[Round "-"]
[White "Clive Everill"]
[Black "Thomas Jacob Kelly"]
[Result "1/2-1/2"]
[WhiteCountry "CZE"]
[BlackCountry "USA"]
[WhiteElo "1730"]
[WhiteRD "59"]
[BlackElo "1759"]
[BlackRD "70"]
[GameID "710004"]

1. e4 c5 2. Nc3 Nc6 3. Bb5 d6 4. Bxc6+ bxc6 5. f4 g6 6. d3 Nh6 7. h3 f5 8. Nf3 Rb8 9. O-O Bg7 10. Bd2 Rxb2
11. Rb1 Qb6 12. Kh2 O-O 13. Qe2 Bxc3 14. Rxb2 Bxb2 15. Rb1 e5 16. Bc3 Bxc3 17. Rxb6 axb6 18. fxe5 dxe5 19. Ng5 Kg7 20. Qd1 Rd8
21. Qb1 b5 22. Qb3 Bd4 23. Qa3 Nf7 24. Nf3 Be6 25. Qa6 Rc8 26. Qb7 Kf6 27. Qa6 fxe4 28. dxe4 Nd6 29. Qa7 Nxe4 30. Qxh7 Be3
31. Qh4+ Ng5 32. Ne1 Bxa2 33. Nd3 Be6 34. Qg3 Bd4 35. h4 Nf7 36. Qf3+ Kg7 37. g3 Ng5 38. Qe2 Bd5 39. Qg4 Nf3+ 40. Kh3 Rh8
41. Qd7+ Kf6 42. Qd6+ Be6+ 43. Kg2 e4 44. Nf4 Re8 45. Qxc6 Kf7 46. Qxb5 Ne1+ 47. Kh1 Nxc2 48. Qe2 Bb3 49. Qg4 Rg8 50. Qd7+ Kf6
51. Qd6+ Kf5 52. Qd7+ Ke5 53. Qe7+ Kf5 54. Qd7+=
1/2-1/2

[Event "Play your favorite openings again"]
[Site "SchemingMind.com"]
[Date "2021.03.30"]
[Round "-"]
[White "Thomas Jacob Kelly"]
[Black "Clive Everill"]
[Result "0-1"]
[WhiteCountry "USA"]
[BlackCountry "CZE"]
[WhiteElo "1768"]
[WhiteRD "78"]
[BlackElo "1760"]
[BlackRD "58"]
[GameID "710005"]

1. e4 c5 2. b4 cxb4 3. c4 bxc3 4. Nxc3 g6 5. Bb2 Bg7 6. Nf3 Nf6 7. Nd5 O-O 8. Nxf6+ Bxf6 9. e5 Bg7 10. Qb3 Nc6
11. d4 Na5 12. Qe3 d6 13. Be2 Be6 14. Nd2 Qb6 15. Bc3 Rfc8 16. O-O Nc6 17. Rab1 Qc7 18. f4 Bxa2 19. Rb2 Bd5 20. g4 dxe5
21. dxe5 e6 22. Rfb1 b6 23. Ba6 Rd8 24. Nc4 Bf8 25. Rc2 Bc5
0-1

[Event "Play your favorite openings again"]
[Site "SchemingMind.com"]
[Date "2021.03.31"]
[Round "-"]
[White "kenneth m day"]
[Black "Thomas Jacob Kelly"]
[Result "1-0"]
[WhiteCountry "USA"]
[BlackCountry "USA"]
[WhiteElo "1640"]
[WhiteRD "53"]
[BlackElo "1725"]
[BlackRD "75"]
[GameID "710006"]

1. e4 e6 2. d4 d5 3. Nc3 Bb4 4. e5 c5 5. Qg4 Ne7 6. dxc5 Nbc6 7. Bd2 Ng6 8. Nf3 Bxc5 9. Bd3 Bd7 10. O-O-O Qb8
11. Qg3 a6 12. Rde1 Qa7 13. Re2 O-O-O 14. Na4 b6 15. Nxc5 bxc5 16. Ree1 a5 17. a3 Kc7 18. Ng5 Be8 19. Bb5 Rb8 20. a4 Kd8
21. Bxc6 Bxc6 22. b3 h6 23. Nf3 c4 24. Bc3 cxb3 25. Nd4 Be8 26. cxb3 Rc8 27. Kb2 Rg8 28. f4 Qb6 29. Ra1 Ke7 30. Rhc1 Rc4
31. Qe3 Qb8 32. g3 Kf8 33. Ka3 Rc5 34. Nxe6+ fxe6 35. Qxc5+ Ne7 36. Bxa5 g6 37. Bc7 Qa8 38. Bd6 Rg7 39. Qb6 Kg8 40. Rc7 Nc8
41. Rxg7+ Kxg7 42. Qc7+ Bf7 43. Qd8 Qb7 44. Rc1 Nxd6 45. Qxd6 Qa7 46. Rc7 Qg1 47. Qc5 d4 48. Qa7 g5 49. Rxf7+ Kg6 50. Rg7+ Kf5
51. Qf7+ Ke4 52. Qxe6 gxf4 53. Qxh6 Qa1+ 54. Kb4 Qc3+ 55. Kb5 Qxb3+ 56. Ka5 Qc3+ 57. Kb6 Qb4+ 58. Kc7 Qa5+ 59. Kc8 Qa8+ 60. Kd7
1-0